| 000 | 00491nam a22001817a 4500 | ||
|---|---|---|---|
| 008 | 131022b xxu||||| |||| 00| 0 eng d | ||
| 020 | _a9-7819-8013-002 | ||
| 082 |
_221 ed. _a347.09 GOO |
||
| 100 | _aGoodman, Andrew | ||
| 245 |
_amediation advocacy / _cAndrew Goodman |
||
| 250 | _a2 ed. | ||
| 260 |
_aLondan : _bNova Law and Finance _c2010 |
||
| 300 |
_axvi, 196 P . ; _c24 cm. |
||
| 500 | _aIncludes Index | ||
| 650 | _aAdvocacy | ||
| 650 | _amediation advocacy | ||
| 942 |
_2ddc _cBK |
||
| 999 |
_c5796 _d5796 |
||